| 000 | 01946nam a2200397 a 4500 | ||
|---|---|---|---|
| 001 | ebr10524622 | ||
| 003 | CaPaEBR | ||
| 006 | m u | ||
| 007 | cr cn||||||||| | ||
| 008 | 120107s2011 si a sb 100 0 eng d | ||
| 010 | _z 2011410520 | ||
| 020 | _z9814329932 | ||
| 020 | _z9789814329934 | ||
| 020 | _z9789814329941 (e-book) | ||
| 040 |
_aCaPaEBR _cCaPaEBR |
||
| 035 | _a(OCoLC)775593770 | ||
| 043 | _ad------ | ||
| 050 | 1 | 4 |
_aHC59.72.P6 _bF56 2011eb |
| 245 | 0 | 0 |
_aFinancial inclusion, innovation, and investments _h[electronic resource] : _bbiotechnology and capital markets working for the poor / _cedited by Ralph D. Christy, Vicki L. Bogan. |
| 260 |
_aSingapore : _bWorld Scientific Pub. Co. Inc., _c2011. |
||
| 300 |
_axxi, 248 p. : _bill. (some col.) |
||
| 500 | _a"... presentations made at the international symposium on "Financial Inclusion, Innovation, and Investments: Biotechnology and Capital Markets Working for the Poor" held at Cornell University from April 20th to 21st, 2007"--Foreword. | ||
| 504 | _aIncludes bibliographical references. | ||
| 505 | 0 | _apt. 1. Financial markets and the poor -- pt. 2. Biotechnology and the poor -- pt. 3. Foreign direct investment. | |
| 533 |
_aElectronic reproduction. _bPalo Alto, Calif. : _cebrary, _d2012. _nAvailable via World Wide Web. _nAccess may be limited to ebrary affiliated libraries. |
||
| 650 | 0 |
_aPoor _zDeveloping countries _vCongresses. |
|
| 650 | 0 |
_aEconomic assistance _zDeveloping countries _vCongresses. |
|
| 650 | 0 |
_aInvestments, Foreign _zDeveloping countries _vCongresses. |
|
| 650 | 0 |
_aPoverty _zDeveloping countries _vCongresses. |
|
| 650 | 0 |
_aCapital market _vCongresses. |
|
| 655 | 7 |
_aElectronic books. _2local |
|
| 700 | 1 | _aChristy, Ralph D. | |
| 700 | 1 | _aBogan, Vicki L. | |
| 710 | 2 | _aebrary, Inc. | |
| 856 | 4 | 0 |
_uhttp://site.ebrary.com/lib/rucke/Doc?id=10524622 _zAn electronic book accessible through the World Wide Web; click to view |
| 999 |
_c239311 _d239311 |
||